LEADER 01674nas 2200565-a 450 001 996216006103316 005 20230224213018.0 011 $a2093-8152 035 $a(DE-599)ZDB2496980-1 035 $a(OCoLC)405696470 035 $a(CKB)1000000000714633 035 $a(CONSER)--2010263098 035 $a(EXLCZ)991000000000714633 100 $a20090622a20089999 s-- - 101 0 $aeng 135 $aur||||||||||| 181 $ctxt$2rdacontent 182 $cc$2rdamedia 183 $acr$2rdacarrier 200 00$aJournal of acupuncture and meridian studies 210 $a[Seoul, South Korea] $cKorean Pharmacopuncture Institute$d©2008- 300 $aRefereed/Peer-reviewed 311 $a2005-2901 517 1 $aJAMS 517 1 $aJ Acupunct Meridian Stud 531 $aJ ACUPUNCT MERIDIAN STUD 606 $aAcupuncture$vPeriodicals 606 $aAcupuncture points$vPeriodicals 606 $aAcupuncture Therapy 606 $aMeridians 606 $aAcupuncture$2fast$3(OCoLC)fst00796357 606 $aAcupuncture points$2fast$3(OCoLC)fst00796375 606 $aAcupuntura$2thub 608 $aPeriodical 608 $aPeriodicals.$2fast 608 $aPeriodicals.$2lcgft 608 $aRevistes electròniques.$2thub 615 0$aAcupuncture 615 0$aAcupuncture points 615 12$aAcupuncture Therapy 615 22$aMeridians 615 7$aAcupuncture. 615 7$aAcupuncture points. 615 7$aAcupuntura. 676 $a615.8/92 712 02$aTaehan Yakch'im Hakhoe. 906 $aJOURNAL 912 $a996216006103316 996 $aJournal of acupuncture and meridian studies$91891484 997 $aUNISA LEADER 01003nam a2200265 i 4500 001 991001463969707536 008 111104s2000 enkb b 001 0 eng d 020 $a0340706333 035 $ab14018615-39ule_inst 040 $aDip.to Filologia Class. e Scienze Filosofiche$bita 082 00$a954.04 100 1 $aTalbot, Ian$0476034 245 10$aIndia and Pakistan /$cIan Talbot 260 $aLondon :$bArnold ;$aNew York :$bOxford University Press,$c2000 300 $aXXI, 312 p. :$bmaps ;$c25 cm. 440 0$aInventing the nation 504 $aBibliografia: p. [290]-305. Indice 651 4$aIndia$xStoria$ySec. 20. 651 4$aPakistan$xStoria$ySec. 20. 907 $a.b14018615$b04-11-11$c04-11-11 912 $a991001463969707536 945 $aLE007 Sc. Pol. 954 TAL 01.01$g1$i2007000218488$lle007$nLE007 Sc. Polit.$op$pE26.20$q-$rl$s- $t0$u0$v0$w0$x0$y.i15342244$z04-11-11 996 $aIndia and Pakistan$9243017 997 $aUNISALENTO 998 $ale007$b04-11-11$cm$da $e-$feng$genk$h0$i0